[Event "106th YMCA Spring B"]
[Site "Warszawa"]
[Date "2012.06.15"]
[Round "10"]
[White "Parol, Pawel"]
[Black "Winiarski, Mikolaj"]
[Result "1/2-1/2"]
[WhiteElo "1951"]
[BlackElo "1873"]
[PlyCount "60"]
[EventDate "2012.04.12"]
[EventType "tourn"]
[EventRounds "1"]
[EventCountry "POL"]
[SourceDate "2012.04.11"]

1. e4 d5 2. exd5 Qxd5 3. Nc3 Qa5 4. d4 Nf6 5. Nf3 Nc6 6. Bd2 Bg4 7. Nb5 Qb6 8.
c4 Nxd4 9. Nbxd4 e5 10. h3 Bh5 11. Qa4+ c6 12. Nb3 Ne4 13. Be3 Bb4+ 14. Nfd2
Nc5 15. Nxc5 Bxc5 16. Bxc5 Qxc5 17. Nb3 Qe7 18. Qa3 Qh4 19. Qc5 O-O-O 20. Qxa7
Rd6 21. Nc5 Qd4 22. Qxb7+ Kd8 23. Qb8+ Ke7 24. Qc7+ Ke8 25. Qc8+ Ke7 26. Qc7+
Ke8 27. Qc8+ Ke7 28. Qc7+ Ke8 29. Qc8+ Ke7 30. Qc7+ Ke8 1/2-1/2

[Event "106th YMCA Spring B"]
[Site "Warszawa"]
[Date "2012.06.12"]
[Round "10"]
[White "Rusin, Ryszard"]
[Black "Sujkowski, Pawel"]
[Result "1-0"]
[WhiteElo "1897"]
[BlackElo "1988"]
[PlyCount "63"]
[EventDate "2012.04.12"]
[EventType "tourn"]
[EventRounds "1"]
[EventCountry "POL"]
[SourceDate "2012.04.11"]

1. d4 Nf6 2. c4 e6 3. Nc3 Bb4 4. Nf3 c5 5. Bg5 h6 6. Bxf6 Qxf6 7. Rc1 Nc6 8. e3
O-O 9. a3 Bxc3+ 10. Rxc3 cxd4 11. exd4 d5 12. cxd5 exd5 13. Be2 Bg4 14. O-O
Rfe8 15. Bb5 Re4 16. Bxc6 bxc6 17. Qb3 Bxf3 18. Rxf3 Qe7 19. Qc3 Rb8 20. h3 Re6
21. b4 Rb5 22. Rc1 Qd8 23. Re1 Rxe1+ 24. Qxe1 Rb8 25. Qc1 a5 26. bxa5 Rb5 27.
Qxc6 Rxa5 28. Qb7 Qf8 29. Rc3 Qd6 30. Rc8+ Kh7 31. Qxf7 Rxa3 32. Qf5+ 1-0

[Event "106th YMCA Spring B"]
[Site "Warszawa"]
[Date "2012.05.24"]
[Round "10"]
[White "Litwiniec, Miroslawa"]
[Black "Lasota, Adam"]
[Result "0-1"]
[WhiteElo "1863"]
[BlackElo "1875"]
[PlyCount "90"]
[EventDate "2012.04.12"]
[EventType "tourn"]
[EventRounds "1"]
[EventCountry "POL"]
[SourceDate "2012.04.11"]

1. e4 c5 2. Nf3 e6 3. d4 cxd4 4. Nxd4 Nc6 5. Be3 a6 6. c3 Qc7 7. Bd3 Ne5 8. Bc2
Nc4 9. Bc1 b5 10. Nd2 Nb6 11. O-O Nf6 12. Kh1 Bd6 13. h3 Bb7 14. Qe2 Rc8 15.
N2b3 Nc4 16. Bd3 O-O 17. Bg5 Ne5 18. Bc2 Ng6 19. Rae1 Bf4 20. Bxf4 Nxf4 21. Qf3
Ng6 22. Nc1 Ne5 23. Qg3 Nc4 24. e5 Nd5 25. Qh4 f5 26. exf6 Nxf6 27. Nd3 Nd2 28.
Rg1 Rce8 29. Re3 e5 30. Nf5 Be4 31. Qg5 Bxf5 32. Qxf5 Nd5 33. Qh5 Nxe3 34. fxe3
g6 35. Qe2 Ne4 36. Bb3+ Kg7 37. Qg4 Nd6 38. Rd1 a5 39. Bd5 Nc4 40. Qg3 d6 41.
Re1 Rf6 42. Re2 Ref8 43. Nf2 Nb6 44. Be4 Qf7 45. Kh2 Rxf2 0-1

[Event "106th YMCA Spring B"]
[Site "Warszawa"]
[Date "2012.04.12"]
[Round "10"]
[White "Rozycki, Bartlomiej"]
[Black "Sokolowski, Marek"]
[Result "1-0"]
[WhiteElo "1849"]
[BlackElo "1933"]
[PlyCount "77"]
[EventDate "2012.04.12"]
[EventType "tourn"]
[EventRounds "1"]
[EventCountry "POL"]
[SourceDate "2012.04.11"]

1. e4 c5 2. Nf3 d6 3. d4 cxd4 4. Nxd4 Nf6 5. Nc3 a6 6. f4 e5 7. Nf3 Qc7 8. Bd3
Be6 9. O-O Nbd7 10. Qe2 Rc8 11. Kh1 Be7 12. f5 Bc4 13. h3 b5 14. g4 b4 15. Nd1
d5 16. Nf2 dxe4 17. Nxe4 Nxe4 18. Qxe4 Qc6 19. Qe2 O-O 20. b3 Bd5 21. Bxa6 Qxc2
22. Bd2 Ra8 23. Qd3 Qxd3 24. Bxd3 e4 25. Rae1 Bh4 26. Nxh4 exd3+ 27. Kg1 Rxa2
28. Bxb4 Rb8 29. Bd6 Rc8 30. Re3 Ra6 31. Bb4 Bxb3 32. Rxd3 Ba4 33. Re1 h5 34.
Nf3 hxg4 35. hxg4 Rc4 36. Re8+ Kh7 37. Ng5+ Kh6 38. Nxf7+ Kh7 39. Rh8# 1-0

[Event "106th YMCA Spring B"]
[Site "Warszawa"]
[Date "2012.05.04"]
[Round "11"]
[White "Sokolowski, Marek"]
[Black "Pettersson, Alexander"]
[Result "0-1"]
[WhiteElo "1933"]
[BlackElo "1975"]
[PlyCount "84"]
[EventDate "2012.04.12"]
[EventType "tourn"]
[EventRounds "1"]
[EventCountry "POL"]
[SourceDate "2012.04.11"]

1. e4 c6 2. Nc3 d5 3. Nf3 Bg4 4. h3 Bh5 5. exd5 cxd5 6. Bb5+ Nc6 7. g4 Bg6 8.
Ne5 Rc8 9. d4 e6 10. Bf4 Bd6 11. Qd2 Nge7 12. h4 f6 13. h5 fxe5 14. dxe5 Bb4
15. hxg6 d4 16. a3 Ba5 17. b4 dxc3 18. Qxc3 Nxg6 19. Rd1 Qe7 20. Bg3 Bb6 21.
Qd3 Rd8 22. Qe4 Rxd1+ 23. Kxd1 O-O 24. Bxc6 bxc6 25. Ke2 c5 26. f4 Qd7 27. Qc4
Rd8 28. f5 Nf8 29. bxc5 Ba5 30. Bf4 Qd5 31. Qxd5 Rxd5 32. Be3 Rxe5 33. c6 exf5
34. gxf5 Rxf5 35. Bxa7 Rf6 36. Rh5 Bc7 37. Rc5 Ne6 38. Rb5 Nd8 39. Bb8 Rxc6 40.
Rd5 Ne6 41. Bxc7 Rxc2+ 42. Kd3 Rxc7 0-1

[Event "106th YMCA Spring B"]
[Site "Warszawa"]
[Date "2012.06.12"]
[Round "11"]
[White "Lasota, Adam"]
[Black "Rozycki, Bartlomiej"]
[Result "1/2-1/2"]
[WhiteElo "1875"]
[BlackElo "1849"]
[PlyCount "56"]
[EventDate "2012.04.12"]
[EventType "tourn"]
[EventRounds "1"]
[EventCountry "POL"]
[SourceDate "2012.04.11"]

1. d4 d5 2. Bf4 Nf6 3. e3 e6 4. Bd3 c5 5. c3 Nc6 6. Nf3 Bd6 7. Bg3 O-O 8. Nbd2
Bxg3 9. hxg3 Qd6 10. Bb5 Nd7 11. Bxc6 bxc6 12. O-O e5 13. Nxe5 Nxe5 14. dxe5
Qxe5 15. Qa4 Bd7 16. Rad1 f5 17. Nf3 Qe7 18. Qf4 Rf6 19. Ne5 Rh6 20. Nxd7 Qxd7
21. c4 Qf7 22. cxd5 cxd5 23. Rd2 Rd8 24. Rfd1 Rhd6 25. Rc1 Rc6 26. Qa4 Qc7 27.
Rcd1 Rcd6 28. Qf4 Qd7 1/2-1/2

[Event "106th YMCA Spring B"]
[Site "Warszawa"]
[Date "2012.06.13"]
[Round "11"]
[White "Sujkowski, Pawel"]
[Black "Litwiniec, Miroslawa"]
[Result "1-0"]
[WhiteElo "1988"]
[BlackElo "1863"]
[PlyCount "81"]
[EventDate "2012.04.12"]
[EventType "tourn"]
[EventRounds "1"]
[EventCountry "POL"]
[SourceDate "2012.04.11"]

1. e4 e5 2. Nf3 Nc6 3. Bc4 Bc5 4. O-O d6 5. c3 Bg4 6. d3 Qf6 7. b4 Nxb4 8. d4
Bxf3 9. gxf3 Bb6 10. Qa4+ Nc6 11. d5 Qxf3 12. Nd2 Qg4+ 13. Kh1 Nge7 14. dxc6
Nxc6 15. Rg1 Qh4 16. Rxg7 Qxf2 17. Qd1 O-O-O 18. Rxf7 Qh4 19. Qe2 Rhg8 20. Rf1
Rg7 21. Be6+ Kb8 22. Nf3 Qh5 23. Be3 Ne7 24. Bxb6 axb6 25. Nd4 Qh4 26. Nf5 Nxf5
27. Bxf5 Rg5 28. Qf2 Qh5 29. Rg1 h6 30. Rxg5 hxg5 31. Rg1 Rg8 32. Bg4 Qh6 33.
Rf1 Rh8 34. h3 Qh7 35. Qf5 Qh4 36. Kg2 Qh6 37. Qe6 Qh7 38. Qf5 Qh6 39. Qf7 Qh4
40. Qd7 Qh7 41. Rf8+ 1-0

[Event "106th YMCA Spring B"]
[Site "Warszawa"]
[Date "2012.06.20"]
[Round "11"]
[White "Winiarski, Mikolaj"]
[Black "Rusin, Ryszard"]
[Result "1-0"]
[WhiteElo "1873"]
[BlackElo "1897"]
[PlyCount "65"]
[EventDate "2012.04.12"]
[EventType "tourn"]
[EventRounds "1"]
[EventCountry "POL"]
[SourceDate "2012.04.11"]

1. d4 e6 2. e3 b6 3. f4 Bb7 4. Nf3 Nf6 5. Bd3 d5 6. O-O c5 7. c3 Nbd7 8. Nbd2
Be7 9. Ne5 Ne4 10. Nxe4 dxe4 11. Bb5 O-O 12. Bxd7 a6 13. Bc6 Qc7 14. Bxb7 Qxb7
15. dxc5 Rad8 16. c6 Qc7 17. Qa4 Rd5 18. Qxe4 Bd6 19. c4 Ra5 20. Bd2 Ra4 21. b3
Ra3 22. Bc1 Ra5 23. Bb2 f5 24. Qd3 Bxe5 25. Bxe5 Qxc6 26. Qd6 Qe4 27. Qxe6+ Kh8
28. Qe7 Rg8 29. Kh1 Rc5 30. Rad1 Rc6 31. Rd8 Rg6 32. Rxg8+ Kxg8 33. Qe8# 1-0

[Event "106th YMCA Spring B"]
[Site "Warszawa"]
[Date "2012.06.21"]
[Round "11"]
[White "Rzepecka, Dorota"]
[Black "Parol, Pawel"]
[Result "0-1"]
[WhiteElo "1892"]
[BlackElo "1951"]
[PlyCount "78"]
[EventDate "2012.04.12"]
[EventType "tourn"]
[EventRounds "1"]
[EventCountry "POL"]
[SourceDate "2012.04.11"]

1. e4 e6 2. d4 d5 3. exd5 exd5 4. Bd3 Nc6 5. c3 Bd6 6. Ne2 Qh4 7. Be3 Nge7 8.
Qc2 f5 9. g3 Qf6 10. Nd2 Nd8 11. O-O-O Ne6 12. f4 Bd7 13. Nf3 a6 14. Ne5 Bb5
15. g4 Bxd3 16. Qxd3 fxg4 17. Nxg4 Qf5 18. Ne5 Qxd3 19. Rxd3 Rf8 20. Bd2 O-O-O
21. Rg3 Rf6 22. Rhg1 Rdf8 23. b3 Rf5 24. Kc2 Rh5 25. R3g2 Rh3 26. c4 c5 27.
dxc5 Bxc5 28. Rd1 dxc4 29. Nxc4 Nf5 30. Kb1 Nh4 31. Ng1 Rxb3+ 32. axb3 Nxg2 33.
Nf3 Ngxf4 34. Ba5 Ne2 35. Nfe5 b6 36. Nd6+ Kc7 37. Ne4 bxa5 38. Rd2 Rf1+ 39.
Ka2 Nc1+ 0-1